| 000 | 00782nam a2200205 i 4500 | ||
|---|---|---|---|
| 001 | 23410 | ||
| 003 | ES-MaACL | ||
| 005 | 20250810063022.0 | ||
| 007 | t| | ||
| 008 | 021210s1949 sp ||||1| spa d | ||
| 100 | 1 |
_aÁlvarez-Gendín, Sabino, _d1895-1983 _920820 |
|
| 245 | 1 | 0 |
_aDiscurso leído en la solemne apertura del Curso Académico de 1949-50 _b: tema : los judíos en el mundo y en España / _cpor Sabino Alvarez-Gendín. |
| 260 |
_aOviedo : _b[s.n., _c1949] ( _fTall. Tip. La Cruz) |
||
| 300 |
_aVII, 93 p. ; _c25 cm. |
||
| 500 | _aPrecede a tít.: Universidad Literaria de Oviedo. | ||
| 710 | 2 |
_aUniversidad Literaria de Oviedo. _97389 |
|
| 740 | 4 | _aLos judíos en el mundo y en España. | |
| 852 |
_aES-MaACL _j1902-F-22 _bR.29014 |
||
| 999 |
_c23410 _d23410 |
||